Textbook of Pharmacology (Record no. 1845)

MARC details
000 -LEADER
Fixed length control field 00657nam a2200217Ia 4500
003 - CONTROL NUMBER IDENTIFIER
Control field IIN
005 - DATE AND TIME OF LATEST TRANSACTION
Control field 20250526130128.0
008 - FIXED-LENGTH DATA ELEMENTS--GENERAL INFORMATION
Fixed length control field 250526s2023 xx ad 001 0 eng d
020 ## - INTERNATIONAL STANDARD BOOK NUMBER / ISBN
Price Rs.695.00
International Standard Book Number 9789392242373
040 ## - CATALOGING SOURCE
Original cataloging agency IIN
Language of cataloging English
082 ## - DEWEY DECIMAL CLASSIFICATION NUMBER
Classification number 615.1
Book Number MAT
100 1# - MAIN ENTRY--PERSONAL NAME
Personal name Matreja, Prithpal Singh
245 1# - TITLE STATEMENT
Title Textbook of Pharmacology
Sub title for BSc Nurses Students (Semester - III & IV)/
Statement of responsibility Prithpal Singh Matreja, Davinder Kaur & Gurleen Kaur
260 ## - IMPRINT
Place of publication Punjab
Name of publisher VHS
Date of publication 2023
300 ## - PHYSICAL DESCRIPTION
Page / Vol. No xv, 384 p.
Other physical details col. ill.
500 ## - GENERAL NOTE
General note Includes Index
650 1# - SUBJECT ADDED ENTRY--TOPICAL TERM
Topical term Pharmacology
700 ## - ADDED ENTRY--PERSONAL NAME
Personal name Kaur, Davinder
700 ## - ADDED ENTRY--PERSONAL NAME
Personal name Kaur, Gurleen
942 ## - ADDED ENTRY ELEMENTS (KOHA)
Koha item type Books
Holdings
Withdrawn status Lost status Source of classification Damaged status Not for loan Collection code Home library Current library Shelving location Date acquired Price Total Checkouts Call number Accession number Date last seen Price effective from Koha item type
    Dewey Decimal Classification     Purches Book IDEAL INSTITUTE OF NURSING IDEAL INSTITUTE OF NURSING General Stacks 11/03/2025 695.00   615.1 MAT 2075 26/05/2025 26/05/2025 Books
© Ideal Institute Of Nursing, All rights reserved.         Powered by Koha